000 00795nac a22002291u 4500
010 _a011401797
020 _a1851681914 (pbk.)
082 _a291.4
_bHIC
090 _c5601
_d5601
100 _aHick, John.
245 _aThe fifth dimension : an exploration of the spiritual realm /
_cJohn Hick.
260 _aOxford :
_bOneworld, c1999.
_cc1999.
300 _axii, 274p. ;
_c23cm.
500 _aDistributer : Al-Ahram.
504 _aIncludes bibliographical references and index.
511 _aCatalogued By : Mahitab.
650 _aSpirituality.
650 _aSpiritual life.
650 _aReligion -- Philosophy.
942 _cBB
_k291.4HIC
999 _c5601
_d5601